000 00500nam a2200181Ia 4500
005 20260415160318.0
008 008 250505s9999 xx 000 0 eng d
037 _aTextual
040 _aFEDL
_beng
_cFEDL
041 _aeng
_2eng
084 _a509 JEA
_qFEDL
100 _aJeans James
245 0 _aGrowth of physical science
260 _aCambridge
_bCambridge University Press
_c1947
300 _ax,364p.
942 _cTEXL
_h509 JEA
999 _c1321541
_d1321541